000 00597nam a22002297a 4500
003 UA-OsUOA
001 475
007 ta
008 20050602b un ||||| |||| 00| 0 ukr d
100 _aКузминская Т.А.
090 _a929
_bК89
942 _cBK
040 _aUA-OsUOA
_brus
_cUA-OsUOA
_dUA-OsUOA
245 _aМоя жизнь дома и в Ясной Поляне
300 _a560 с.
955 _a2
041 _arus
080 _a929
260 _aМ.
_bПравда
_c1986
650 7 _a9 Географія. Біографії. Історія
_2UDC
999 _c286645
_d286645